Educación vocacional técnica en América

Na minha lista:
Detalhes bibliográficos
Corporate Authors: OEA (Author), OIT (Author), Gobierno de los Estados Unidos. Instituto de Asuntos Interamericanos. Oficina Federal de Educación (Author), Universidad de Maryland (Author)
Formato: Livro
Idioma:espanhol
Publicado em: Washington, D.C División de Educación. Unión Panamericana 1954
Colecção:Seminarios Interamericanos de Educación, 9. Universidad de Maryland, 1952
Assuntos:
Tags: Adicionar Tag
Sem tags, seja o primeiro a adicionar uma tag!

MARC

LEADER 00000nam a2200000 a 4500
001 UCU1067
003 CL-VaPUC
008 960329e19540000US |||||||||||||||||spa|d
082 0 4 |a 373.27  |b OEA  |2 21 
110 2 |a OEA  |e author  |9 356668 
710 2 |a OIT  |e author  |9 356669 
710 2 |a Gobierno de los Estados Unidos. Instituto de Asuntos Interamericanos. Oficina Federal de Educación  |e author  |9 356670 
710 2 |a Universidad de Maryland  |e author  |9 356671 
245 1 0 |a Educación vocacional técnica en América 
246 1 0 |a Informe final del Seminario Interamericano de Educación Vocacional Técnica 
300 |a 391 p 
942 |c BK 
945 |d 19960329 00:00:00  |a lriquelm 
260 |a Washington, D.C  |b División de Educación. Unión Panamericana  |c 1954 
650 7 |a ORIENTACION EDUCACIONAL  |2 CL-VaPUC  |9 312512 
650 7 |a EDUCACION Y EMPLEO  |2 CL-VaPUC  |9 338744 
650 7 |a INDUSTRIA Y EDUCACION  |2 CL-VaPUC  |9 311633 
583 |a last modification  |c 19960329 00:00:00  |k Rodrigo Vera 
490 0 |a Seminarios Interamericanos de Educación, 9. Universidad de Maryland, 1952 
999 |c 245828  |d 245826 
952 |0 0  |1 0  |4 0  |6 373_270000000000000_OEA_1954  |7 0  |8 P  |9 260434  |a BIBEDU  |b BIBEDU  |c BIBEDU_PB  |d 2019-11-19  |i 2008483  |o 373.27 OEA 1954  |p 2008483  |r 2024-01-25  |w 2019-11-19  |y BK  |k EDU